| 000 | 00963nas a2200265 4500 | ||
|---|---|---|---|
| 001 | BR9203978 | ||
| 003 | BR-BrBNA | ||
| 005 | 20231205092655.0 | ||
| 007 | ta | ||
| 008 | 230509b bl.|||p| |||| 00| 00por d | ||
| 040 |
_aBR-BrBNA _bpor _cBiblioteca Nacional de Agricultura |
||
| 041 | _a(Pt) | ||
| 072 | _aQ03 | ||
| 100 | 1 | _aMachoshvili, I.A. | |
| 100 | 1 | _aPenna, T.C.V. | |
| 100 | 1 | _aColombo, A.J. | |
| 245 | 1 | _aResistencia termica de cepas de Staphylococcus aureus em solucao tampao fosfato (pH 7,0)e em leite reconstituido | |
| 246 | 1 | _aThermal inactivation studies on Staphylococcus aureus strains in potassium phosphate solution at pH 7,0 and in reconstituted milk | |
| 650 | _aLEITE RECONSTITUIDO | ||
| 650 | _aBACTERIA | ||
| 650 | _aRESISTENCIA A TEMPERATURA | ||
| 773 | 0 |
_tRevista de Microbiologia (Brazil) _xISSN 0001-3714 _g(Oct-Dec 1991), v. 22(4) p. 323-329 _wBR9203978 |
|
| 909 |
_a202311 _bLúcia _c55 _dLúcia Elande |
||
| 942 |
_2AGRIS _n0 _cANA |
||
| 999 |
_c133321 _d133321 |
||